| 000 | 00546nam a2200181 4500 | ||
|---|---|---|---|
| 001 | 123814 | ||
| 003 | ES-MaACL | ||
| 007 | t| | ||
| 008 | 070214s1981 sp r ||||1| spa d | ||
| 100 | 1 |
_aQuiroga, Horacio. _994770 |
|
| 245 | 1 | 0 |
_aAnaconda / _cHoracio Quiroga. |
| 260 |
_aMadrid : _bAlianza, _c1981. |
||
| 300 |
_a195 p. ; _c18 cm. |
||
| 490 | 1 |
_aEl libro de bolsillo. Sección: literatura ; _v826 |
|
| 830 | 0 | 3 |
_aEl libro de bolsillo. _pLiteratura _v826 _9180913 |
| 852 |
_aES-MaACL _jL-7540 _bR.107582 |
||
| 999 |
_c123814 _d123814 |
||